Normal view
MARC view
Entry Personal Name
001 - CONTROL NUMBER
- control field: 16492
003 - CONTROL NUMBER IDENTIFIER
- control field: OSt
005 - DATE AND TIME OF LATEST TRANSACTION
- control field: 20211101151251.0
008 - FIXED-LENGTH DATA ELEMENTS
- fixed length control field: 211101|| aca||aabn | a|a d
040 ## - CATALOGING SOURCE
- Original cataloging agency: OSt
- Transcribing agency: OSt
100 ## - HEADING--PERSONAL NAME
- Personal name: STEPHEN D. KEROEGER
670 ## - SOURCE DATA FOUND
- Source citation: Work cat.: (OSt)16129: STEPHEN D. KEROEGER, EXPLORING DIVERSITY A VIDEO CASE APPRACH, 2004